Catholic University of Zimbabwe Library
Online Public Access Catalogue
(OPAC)

Rules of the House (Record no. 32779)

MARC details
000 -LEADER
fixed length control field 02552nam a22003857a 4500
001 - CONTROL NUMBER
control field 1002523.0
003 - CONTROL NUMBER IDENTIFIER
control field KnowledgeUnlatched
005 - DATE AND TIME OF LATEST TRANSACTION
control field 20210303104842.0
006 - FIXED-LENGTH DATA ELEMENTS--ADDITIONAL MATERIAL CHARACTERISTICS
fixed length control field m o d
007 - PHYSICAL DESCRIPTION FIXED FIELD--GENERAL INFORMATION
fixed length control field cr u||||||||||
008 - FIXED-LENGTH DATA ELEMENTS--GENERAL INFORMATION
fixed length control field 210129p20192020cau o u00| u eng d
037 ## - SOURCE OF ACQUISITION
Institution to which field applies BiblioBoard
020 ## - INTERNATIONAL STANDARD BOOK NUMBER
International Standard Book Number 9789176350607
024 8# - OTHER STANDARD IDENTIFIER
Standard number or code 10.1525/luminos.60
029 1# - OTHER SYSTEM CONTROL NUMBER (OCLC)
OCLC library identifier https://library.biblioboard.com/ext/api/media/86bc2147-342a-4ad0-ae8c-45c1d663d275/assets/thumbnail.jpg
040 ## - CATALOGING SOURCE
Original cataloging agency ScCtBLL
Transcribing agency ScCtBLL
100 1# - MAIN ENTRY--PERSONAL NAME
Personal name Lim, Sungyun
Relator term author.
245 00 - TITLE STATEMENT
Title Rules of the House
Remainder of title Family Law and Domestic Disputes in Colonial Korea /
Statement of responsibility, etc. Sungyun Lim.
264 #1 - PRODUCTION, PUBLICATION, DISTRIBUTION, MANUFACTURE, AND COPYRIGHT NOTICE
Name of producer, publisher, distributor, manufacturer University of California Press,
300 ## - PHYSICAL DESCRIPTION
Extent 1 online resource (1 p.)
506 0# - RESTRICTIONS ON ACCESS NOTE
Terms governing access Access copy available to the general public.
Standardized terminology for access restriction Unrestricted
Source of term star
520 ## - SUMMARY, ETC.
Summary, etc. Rules of the House examines the transformation of the Korean family during and after Japanese colonial rule. Through in-depth reading of civil litigation records, the book shows how the Japanese colonial legal system transformed Korean families from the traditional patrilineal family system into small, patriarchal households. The new domestic pattern proved remarkably durable, forming the basis of postcolonial family life. Women feature prominently in the book. Increasingly marginalized by patriarchy, women embodied the fault line between one family system as it receded and the other as it expanded under the auspices of Japanese colonial law. As a consequence, women's rights to family property, inheritance, divorce, and adoption of heirs were frequently challenged by family members. Far from being quiet victims, these women brought their cases to the colonial courts and won a surprising number of cases. The book highlights how legal discourse about women's rights in colonial civil courts articulated the transformation of the family.
588 0# - SOURCE OF DESCRIPTION NOTE
Source of description note Description based on print version record.
590 ## - LOCAL NOTE (RLIN)
Local note Luminos
650 #7 - SUBJECT ADDED ENTRY--TOPICAL TERM
Topical term or geographic name entry element History
Source of heading or term bisacsh
650 #7 - SUBJECT ADDED ENTRY--TOPICAL TERM
Topical term or geographic name entry element History / Asia
Source of heading or term bisacsh
650 #7 - SUBJECT ADDED ENTRY--TOPICAL TERM
Topical term or geographic name entry element Social Science / Gender Studies
Source of heading or term bisacsh
650 #0 - SUBJECT ADDED ENTRY--TOPICAL TERM
Topical term or geographic name entry element History
655 #0 - INDEX TERM--GENRE/FORM
Genre/form data or focus term Electronic books.
758 ## -
-- Is found in:
-- Knowledge Unlatched
-- https://openresearchlibrary.org/module/2774bc74-146a-484f-a7ba-ab1d6a09bbfb
856 40 - ELECTRONIC LOCATION AND ACCESS
Uniform Resource Identifier <a href="https://openresearchlibrary.org/content/86bc2147-342a-4ad0-ae8c-45c1d663d275">https://openresearchlibrary.org/content/86bc2147-342a-4ad0-ae8c-45c1d663d275</a>
Public note View this content on Open Research Library.
-- 0
Holdings
Withdrawn status Lost status Source of classification or shelving scheme Damaged status Not for loan Home library Current library Shelving location Date acquired Total Checkouts Date last seen Uniform Resource Identifier Price effective from Koha item type
          Digital Library Digital Library Online Access 03.03.2021   03.03.2021 https://openresearchlibrary.org/content/86bc2147-342a-4ad0-ae8c-45c1d663d275 03.03.2021 eBook

OPENING HOURS

Weekdays: 0815hrs - 1800hrs
Weekends:0900hrs - 1200hrs

Closed for Mass:

Mon, Thur: 1200hrs - 1300hrs
Sunday & Public Holiday’s

CALL SUPPORT

0242-570570, 0242-570169
09200664, +263 8644140602

LOCATION

18443, Cranborne Avenue, Hatfield, Harare

Other Links


©2021 | CUZ Library